A guide to programming languages Overview and comparison
Wedi'i Gadw mewn:
| Prif Awdur: | |
|---|---|
| Fformat: | Llyfr |
| Iaith: | Undetermined |
| Cyhoeddwyd: |
Norwood, Massachusetts
Artech House
1995
|
| Pynciau: | |
| Tagiau: |
Ychwanegu Tag
Dim Tagiau, Byddwch y cyntaf i dagio'r cofnod hwn!
|
| Thư viện lưu trữ: | Trung tâm Học liệu Trường Đại học Cần Thơ |
|---|
| LEADER | 00582nam a2200205Ia 4500 | ||
|---|---|---|---|
| 001 | CTU_22741 | ||
| 008 | 210402s9999 xx 000 0 und d | ||
| 020 | |b 199.5df | ||
| 082 | |a 005.13 | ||
| 082 | |b C425 | ||
| 100 | |a Ruknet Cezzar | ||
| 245 | 2 | |a A guide to programming languages | |
| 245 | 0 | |b Overview and comparison | |
| 245 | 0 | |c Ruknet Cezzar | |
| 260 | |a Norwood, Massachusetts | ||
| 260 | |b Artech House | ||
| 260 | |c 1995 | ||
| 650 | |a programming languages ( electronic computers ) | ||
| 904 | |i Minh, 980609 | ||
| 980 | |a Trung tâm Học liệu Trường Đại học Cần Thơ | ||